| 000 | 00653nam a2200241 a 4500 | ||
|---|---|---|---|
| 001 | 0001-1246 | ||
| 003 | ELIB.Books | ||
| 008 | 150603 2010 eng | ||
| 020 | _a13:9780982206577 | ||
| 035 | _a(ELIB.Books)0001-1401 | ||
| 092 |
_a264.23 _bLoo |
||
| 100 | _aLoock, Denise K. | ||
| 245 |
_aOpen Your Hymnal: _bDevotions That Harmonize Scripture With Song |
||
| 260 |
_aCarolinas _bLighthouse Publishing _c2010 |
||
| 300 |
_a137 _c21.5 Cm |
||
| 500 | _aC/o Moe Tarmalar Paw | ||
| 650 | _aHymns | ||
| 856 |
_nKBTS: Library _uKBTS: Elib |
||
| 942 |
_2ddc _cBK |
||
| 990 | _a2 | ||
| 998 |
_cbat _e2015-06-03 |
||
| 999 |
_c11246 _d11246 |
||